Teatro y teoría social / (Record no. 136857)

MARC details
000 -CABECERA
campo de control de longitud fija 03355nam a2200361 i 4500
001 - NÚMERO DE CONTROL
campo de control 991061522857406706
003 - IDENTIFICADOR DEL NÚMERO DE CONTROL
campo de control ES-BaIT
005 - FECHA Y HORA DE LA ÚLTIMA TRANSACCIÓN
campo de control 20251202075605.0
008 - DATOS DE LONGITUD FIJA--INFORMACIÓN GENERAL
campo de control de longitud fija 251128e2025 spc 000 f spa|c
020 ## - NÚMERO INTERNACIONAL ESTÁNDAR DEL LIBRO
Número Internacional Estándar del Libro 9788485209866
040 ## - FUENTE DE LA CATALOGACIÓN
Centro catalogador/agencia de origen ES-BaIT
Lengua de catalogación cat
Normas de descripción rda
Centro/agencia transcriptor ES-BaIT
080 ## - NÚMERO DE LA CLASIFICACIÓN DECIMAL UNIVERSAL
Número de la Clasificación Decimal Universal 364.61:792
Identificador de la edición 2004
080 ## - NÚMERO DE LA CLASIFICACIÓN DECIMAL UNIVERSAL
Número de la Clasificación Decimal Universal 792.06
245 00 - MENCIÓN DE TÍTULO
Título Teatro y teoría social /
Mención de responsabilidad, etc. Pablo López Calle (ed.)
250 ## - MENCIÓN DE EDICIÓN
Mención de edición 1ª edición
264 #1 - PRODUCCIÓN, PUBLICACIÓN, DISTRIBUCIÓN, FABRICACIÓN Y COPYRIGHT
Producción, publicación, distribución, fabricación y copyright [Lloc de publicacio no identificat] :
Nombre del de productor, editor, distribuidor, fabricante Irrecuperables,
Fecha de producción, publicación, distribución, fabricación o copyright marzo 2025
300 ## - DESCRIPCIÓN FÍSICA
Extensión 412 pàgines ;
Dimensiones 23 cm
336 ## - TIPO DE CONTENIDO
Término de tipo de contenido text
Código de tipo de contenido txt
Fuente rdacontent
337 ## - TIPO DE MEDIO
Nombre/término del tipo de medio sense mediació
Código del tipo de medio n
Fuente rdamedia
338 ## - TIPO DE SOPORTE
Nombre/término del tipo de soporte volum
Código del tipo de soporte nc
Fuente rdacarrier
490 1# - MENCIÓN DE SERIE
Mención de serie Calma tensa ;
Designación de volumen o secuencia 20
505 8# - NOTA DE CONTENIDO CON FORMATO
Nota de contenido con formato Conté: Introducción -- Deíctica del teatro -- Teatro en el espejo [de la sociología] -- Espectador -- 2.1. El espectador en la obra -- 2.2. El teatro en el espectador -- 2.3. Actor-espectador -- Actor -- 3.1. Actor como autor -- 3.2. La persona ficta -- 3.3. Espectador-actor -- Autor-- 4.1. Autores cual actores -- 4.2. El cuerpo del autor -- 4.3. Autor como productor -- Carácter y destino en las Ciencias Sociales - -El buen actor y el buen espectador -- TEXTOS: Fernando Gallego -- Augusto Boal -- Gaspar Melchor de Jovellanos -- Jean-Jacques Rousseau -- David Hume I -- Antonin Artaud -- Thomas Hobbes -- Denis Diderot -- San Agustín -- Emilia Pardo Bazán -- Michel Foucault I -- Walter Benjamin -- Jean Duvignaud -- Michel Foucault II -- Rafael Sánchez Ferlosio I -- Jacques Derrida -- Rafael Sánchez Ferlosio II -- David Hume II
520 ## - SUMARIO, ETC.
Sumario, etc. "El análisis del teatro social no es sólo una forma de entender cómo la representación de una acción social es una acción social, y en qué consiste ésta, sino también puede ser una forma de comprender cómo el análisis de la acción social está condicionado por los límites de la representación. A modo de seminario de lecturas este libro es un compendio de textos clásicos que, en unos casos, tratan el tema del teatro como medio de transformación social, y en otros, el de cómo librar con la representación a la hora de representar -esto es, conocer- la realidad social. El punto de partida es la reflexión surgida de nuestro Aula Laboratorio de Teatro Social en la Facultad de Ciencias Políticas de la UCM, en el que desarrollamos, desde hace casi una década, una variante del Teatro del Oprimido conocida como Teatro Foro, y que utilizamos como una metodología de investigación social participativa y de innovación docente. A través de lo que hemos denominado una deíctica del teatro (los lugares desde donde se mira al hablar) proponemos un itinerario de lectura de textos que transita por las diferentes posiciones desde las que podemos observar la acción dramática (el espectador, el actor y el autor de la obra). Lugares que, en última instancia, son las posiciones desde las que podemos observar la acción social y que dan lugar a perspectivas diferentes, a veces encontradas, sobre la misma." -- Contracoberta
650 #0 - PUNTO DE ACCESO ADICIONAL DE MATERIA--TÉRMINO DE MATERIA
Término de materia o nombre geográfico como elemento de entrada Art i acció social
Fuente del encabezamiento o término lemac
9 (RLIN) 167994
650 #4 - PUNTO DE ACCESO ADICIONAL DE MATERIA--TÉRMINO DE MATERIA
Término de materia o nombre geográfico como elemento de entrada Teatre aplicat
9 (RLIN) 66151
650 #7 - PUNTO DE ACCESO ADICIONAL DE MATERIA--TÉRMINO DE MATERIA
Término de materia o nombre geográfico como elemento de entrada Teatre social
9 (RLIN) 57941
650 #7 - PUNTO DE ACCESO ADICIONAL DE MATERIA--TÉRMINO DE MATERIA
Término de materia o nombre geográfico como elemento de entrada Teatre i societat
9 (RLIN) 57896
700 1# - ENTRADA AGREGADA--NOMBRE PERSONAL
Nombre de persona López Calle, Pablo
Término indicativo de función/relación editor literari
9 (RLIN) 167995
830 ## - PUNTO DE ACCESO ADICIONAL DE SERIE-TÍTULO UNIFORME
Título uniforme Calma tensa
Designación de volumen o secuencia 20
9 (RLIN) 167996
908 ## - COLOCAR PARÁMETRO DE COMANDO (RLIN)
Colocar parámetro de comando CDMAE
940 ## - EQUIVALENCIA O REFERENCIA-CRUZADA--TÍTULO UNIFORME [OBSOLETO] [solamente CAN/MARC]
Título uniforme <a href="CVA7">CVA7</a>
942 ## - ELEMENTOS DE ENTRADA AGREGADA (KOHA)
Fuente del sistema de clasificación o colocación Clasificación decimal universal
Tipo de ítem Koha Llibre
Holdings
Estado de retiro Estado de pérdida Fuente del sistema de clasificación o colocación Estado dañado No para préstamo Localización permanente Ubicación/localización actual Ubicación en estantería Fecha de adquisición Fuente de adquisición Total de préstamos Signatura topográfica completa Código de barras Fecha visto por última vez Precio válido a partir de Tipo de ítem Koha
    Clasificación decimal universal     Biblioteca Barcelona Biblioteca Barcelona BCN Lliure Accés 02/12/2025 Compra   792.06 TEA 1900089529 02/12/2025 02/12/2025 Llibre

Powered by Koha